000 00565 a2200181 4500
999 _c9364
_d9364
020 _a070211779X
050 0 0 _aKD667 VAN 1986
100 _aVan Der Merwe, D.P
_eauthor
245 0 0 _aComputers and the law /
_cD. P Van Der Merwe
264 _aCape town:
_bJuta and Co.,
_c1986
300 _a133 p. xv:
_bill. ;
500 _aIncludes index.
504 _aBibliography: p. 316-334.
650 0 _aLegal research
_xData processing.
650 0 _aInformation storage and retrieval systems
_xLaw.
710 2 _aAmerican Bar Association.
942 _2lcc
_cBK
_h667
_iVAN
_kKD